| 000 | 00582nam a22002057a 4500 | ||
|---|---|---|---|
| 003 | OSt | ||
| 005 | 20160503085924.0 | ||
| 008 | 160430b xxu||||| |||| 00| 0 eng d | ||
| 020 | _a971-06-1550-5 | ||
| 040 | _cLIC | ||
| 082 |
_22005 _aDFil 160 _bT48l |
||
| 100 |
_96971 _aTimbreza, Florentino T. |
||
| 245 |
_aLogic: _bmade simple for Filipinos/ _cFlorentino T. Timbreza. |
||
| 260 |
_aQuezon City: _bPhoenix Publishing House, _cc2005. |
||
| 300 |
_aviii, 242 pages; _c21 cm. |
||
| 365 |
_b221.00 _cPhp |
||
| 500 | _aIncludes appendix. | ||
| 650 | 0 |
_96972 _aLogic |
|
| 942 |
_2ddc _cDFIL |
||
| 999 |
_c2143 _d2143 |
||